| 000 | 00673cam a22002174a 4500 | ||
|---|---|---|---|
| 005 | 20250605164303.0 | ||
| 008 | 250528s ||||||||||||||||||||||||d | ||
| 035 | _a22153 | ||
| 020 | _a9786180105148 | ||
| 040 |
_aGR-AtMCL _bgre _dGR-AtMCL _eAACR2 |
||
| 245 | 1 | _aΟ ΘΑΝΑΤΟΣ ΤΩΝ ΒΑΣΙΛΕΩΝ | |
| 250 | _a1 | ||
| 260 |
_bΨυχογιός, _c2011 |
||
| 300 | _a436 | ||
| 505 | 0 | _aΕΚΤΟ ΜΕΡΟΣ ΤΗΣ ΣΕΙΡΑΣ "ΣΑΞΟΝΙΚΑ ΧΡΟΝΙΚΑ" | |
| 520 | _aΕΚΤΟ ΜΕΡΟΣ ΤΗΣ ΣΕΙΡΑΣ "ΣΑΞΟΝΙΚΑ ΧΡΟΝΙΚΑ" | ||
| 700 | 1 |
_aΚορνγουελ Μπερναρντ _98020 |
|
| 942 | _cBK | ||
| 999 |
_c7209 _d7209 |
||